Statistiken für Pädagogische Hochschulen in Baden-Württemberg

Klicken Sie hier um das Quiz zu spielen!

Allgemein

  • Dieses Quiz wurde 63 mal gespielt
  • Das Durchschnittsergebnis liegt bei 4 aus 6

Antwortstatistiken

HintAntwort% Korrekt
3Karlsruhe
85%
1Freiburg im Breisgau
83%
2Heidelberg
82%
4Ludwigsburg
60%
5Schwäbisch Gmünd
33%
6Weingarten
17%

Verteilung der Resultate

Perzentil nach korrekt beantworteten Fragen

Anzahl Personen mit jedem Resultat

Ihre Resultats-Entwicklung

Sie haben dieses Quiz noch nicht gespielt